<?xml version="1.0" encoding="UTF-8"?>
<record
    xmlns:xsi="http://www.w3.org/2001/XMLSchema-instance"
    xsi:schemaLocation="http://www.loc.gov/MARC21/slim http://www.loc.gov/standards/marcxml/schema/MARC21slim.xsd"
    xmlns="http://www.loc.gov/MARC21/slim">

  <leader>00851nam a2200205Ia 4500</leader>
  <datafield tag="952" ind1=" " ind2=" ">
    <subfield code="0">0</subfield>
    <subfield code="1">0</subfield>
    <subfield code="2">lcc</subfield>
    <subfield code="4">0</subfield>
    <subfield code="7">0</subfield>
    <subfield code="a">12</subfield>
    <subfield code="b">12</subfield>
    <subfield code="d">2018-04-10</subfield>
    <subfield code="l">0</subfield>
    <subfield code="o">HD37 R49 V.2</subfield>
    <subfield code="p">12 004369</subfield>
    <subfield code="r">2024-11-13</subfield>
    <subfield code="t">8</subfield>
    <subfield code="w">2018-04-10</subfield>
    <subfield code="y">LB</subfield>
  </datafield>
  <datafield tag="952" ind1=" " ind2=" ">
    <subfield code="0">0</subfield>
    <subfield code="1">0</subfield>
    <subfield code="2">lcc</subfield>
    <subfield code="4">0</subfield>
    <subfield code="7">0</subfield>
    <subfield code="a">12</subfield>
    <subfield code="b">12</subfield>
    <subfield code="d">2020-03-05</subfield>
    <subfield code="l">0</subfield>
    <subfield code="o">HD37 R49 V.2</subfield>
    <subfield code="p">12 000699</subfield>
    <subfield code="r">2020-03-05</subfield>
    <subfield code="t">1</subfield>
    <subfield code="w">2020-03-05</subfield>
    <subfield code="y">LB</subfield>
  </datafield>
  <datafield tag="952" ind1=" " ind2=" ">
    <subfield code="0">0</subfield>
    <subfield code="1">0</subfield>
    <subfield code="2">lcc</subfield>
    <subfield code="4">0</subfield>
    <subfield code="7">0</subfield>
    <subfield code="a">12</subfield>
    <subfield code="b">12</subfield>
    <subfield code="d">2020-03-05</subfield>
    <subfield code="l">0</subfield>
    <subfield code="o">HD37 R49 V.2</subfield>
    <subfield code="p">12 002490</subfield>
    <subfield code="r">2020-03-05</subfield>
    <subfield code="t">2</subfield>
    <subfield code="w">2020-03-05</subfield>
    <subfield code="y">LB</subfield>
  </datafield>
  <datafield tag="952" ind1=" " ind2=" ">
    <subfield code="0">0</subfield>
    <subfield code="1">0</subfield>
    <subfield code="2">lcc</subfield>
    <subfield code="4">0</subfield>
    <subfield code="7">0</subfield>
    <subfield code="a">12</subfield>
    <subfield code="b">12</subfield>
    <subfield code="d">2020-03-05</subfield>
    <subfield code="l">0</subfield>
    <subfield code="o">HD37 R49 V.2</subfield>
    <subfield code="p">12 002491</subfield>
    <subfield code="r">2020-03-05</subfield>
    <subfield code="t">3</subfield>
    <subfield code="w">2020-03-05</subfield>
    <subfield code="y">LB</subfield>
  </datafield>
  <datafield tag="952" ind1=" " ind2=" ">
    <subfield code="0">0</subfield>
    <subfield code="1">0</subfield>
    <subfield code="2">lcc</subfield>
    <subfield code="4">0</subfield>
    <subfield code="7">0</subfield>
    <subfield code="a">12</subfield>
    <subfield code="b">12</subfield>
    <subfield code="d">2020-03-05</subfield>
    <subfield code="l">0</subfield>
    <subfield code="o">HD37 R49 V.2</subfield>
    <subfield code="p">12 000703</subfield>
    <subfield code="r">2020-03-05</subfield>
    <subfield code="t">4</subfield>
    <subfield code="w">2020-03-05</subfield>
    <subfield code="y">LB</subfield>
  </datafield>
  <datafield tag="952" ind1=" " ind2=" ">
    <subfield code="0">0</subfield>
    <subfield code="1">0</subfield>
    <subfield code="2">lcc</subfield>
    <subfield code="4">0</subfield>
    <subfield code="7">0</subfield>
    <subfield code="a">12</subfield>
    <subfield code="b">12</subfield>
    <subfield code="d">2020-03-05</subfield>
    <subfield code="l">0</subfield>
    <subfield code="o">HD37 R49 V.2</subfield>
    <subfield code="p">12 000701</subfield>
    <subfield code="r">2020-03-05</subfield>
    <subfield code="t">5</subfield>
    <subfield code="w">2020-03-05</subfield>
    <subfield code="y">LB</subfield>
  </datafield>
  <datafield tag="952" ind1=" " ind2=" ">
    <subfield code="0">0</subfield>
    <subfield code="1">0</subfield>
    <subfield code="2">lcc</subfield>
    <subfield code="4">0</subfield>
    <subfield code="7">0</subfield>
    <subfield code="a">12</subfield>
    <subfield code="b">12</subfield>
    <subfield code="d">2020-03-05</subfield>
    <subfield code="l">0</subfield>
    <subfield code="o">HD37 R49 V.2</subfield>
    <subfield code="p">12 000706</subfield>
    <subfield code="r">2020-03-05</subfield>
    <subfield code="t">6</subfield>
    <subfield code="w">2020-03-05</subfield>
    <subfield code="y">LB</subfield>
  </datafield>
  <datafield tag="952" ind1=" " ind2=" ">
    <subfield code="0">0</subfield>
    <subfield code="1">0</subfield>
    <subfield code="2">lcc</subfield>
    <subfield code="4">0</subfield>
    <subfield code="7">0</subfield>
    <subfield code="a">12</subfield>
    <subfield code="b">12</subfield>
    <subfield code="d">2020-03-05</subfield>
    <subfield code="l">0</subfield>
    <subfield code="o">HD37 R49 V.2</subfield>
    <subfield code="p">12 003827</subfield>
    <subfield code="r">2020-03-05</subfield>
    <subfield code="t">7</subfield>
    <subfield code="w">2020-03-05</subfield>
    <subfield code="y">LB</subfield>
  </datafield>
  <datafield tag="999" ind1=" " ind2=" ">
    <subfield code="c">73771</subfield>
    <subfield code="d">73771</subfield>
  </datafield>
  <controlfield tag="005">20231102151125.0</controlfield>
  <controlfield tag="008">180410s2010    mx ||||| |||| 00| 0 spa d</controlfield>
  <datafield tag="020" ind1=" " ind2=" ">
    <subfield code="a">9789681802738</subfield>
  </datafield>
  <datafield tag="020" ind1=" " ind2=" ">
    <subfield code="a">968180273X</subfield>
  </datafield>
  <datafield tag="050" ind1=" " ind2=" ">
    <subfield code="a">HD37</subfield>
    <subfield code="b">R49 V.2</subfield>
  </datafield>
  <datafield tag="100" ind1=" " ind2=" ">
    <subfield code="a">Reyes Ponce, Agust&#xED;n</subfield>
    <subfield code="e">autor</subfield>
  </datafield>
  <datafield tag="245" ind1=" " ind2=" ">
    <subfield code="a">Administraci&#xF3;n de empresas</subfield>
    <subfield code="b">: teor&#xED;a y pr&#xE1;ctica: segunda parte</subfield>
    <subfield code="c">/ Agust&#xED;n Reyes Ponce</subfield>
  </datafield>
  <datafield tag="260" ind1=" " ind2=" ">
    <subfield code="a">M&#xE9;xico</subfield>
    <subfield code="b">: Limusa</subfield>
    <subfield code="c">, 2010</subfield>
  </datafield>
  <datafield tag="300" ind1=" " ind2=" ">
    <subfield code="a">392 p&#xE1;ginas</subfield>
  </datafield>
  <datafield tag="500" ind1=" " ind2=" ">
    <subfield code="a">(4&#xB0; reimpresi&#xF3;n 1971)
(10&#xB0; reimpresi&#xF3;n 1975)
(19&#xB0; reimpresi&#xF3;n 1982)
(38&#xB0; reimpresi&#xF3;n 2000)
(39&#xB0; reimpresi&#xF3;n 2001)
(2006)
(2010)</subfield>
  </datafield>
  <datafield tag="505" ind1="2" ind2=" ">
    <subfield code="a">La organizaci&#xF3;n
La integraci&#xF3;n
La direcci&#xF3;n
El control</subfield>
  </datafield>
  <datafield tag="519" ind1=" " ind2=" ">
    <subfield code="a">Plan Flexible / </subfield>
    <subfield code="b">Tecnolog&#xED;as de la Informaci&#xF3;n / </subfield>
    <subfield code="c">Adminstraci&#xF3;n (B08-8) / </subfield>
    <subfield code="d">(12 004370)</subfield>
  </datafield>
  <datafield tag="650" ind1=" " ind2=" ">
    <subfield code="a">ADMINISTRACI&#xD3;N DE EMPRESAS</subfield>
  </datafield>
  <datafield tag="942" ind1=" " ind2=" ">
    <subfield code="c">LB</subfield>
    <subfield code="2">lcc</subfield>
  </datafield>
</record>
